Beatles Songs Using Any Word - Statistics

General Stats
  • This quiz has been taken 1,086 times
  • The average score is 204 of 294
Answer Stats
Album Song % Correct
Please Please Me Do You Want to Know a Secret
100%
Anthology 1 Hallelujah, I Love Her So
100%
Live at the BBC I Got a Woman
100%
With the Beatles You Really Got a Hold on Me
100%
Sgt. Pepper's Lonely Hearts Club Band A Day in the Life
99%
A Hard Day's Night A Hard Day's Night
99%
A Hard Day's Night And I Love Her
99%
Please Please Me A Taste of Honey
99%
Magical Mystery Tour Baby, You're a Rich Man
99%
Anthology 1 Cry for a Shadow
99%
Beatles for Sale Eight Days a Week
99%
Sgt. Pepper's Lonely Hearts Club Band Fixing a Hole
99%
Anthology 1 Free as a Bird
99%
Magical Mystery Tour I Am the Walrus
99%
Past Masters I Call Your Name
99%
Beatles for Sale I Don't Want to Spoil the Party
99%
Live at the BBC I Forgot to Remember to Forget
99%
Live at the BBC I Got to Find My Baby
99%
Live at the BBC I Just Don't Understand
99%
Beatles for Sale I'm a Loser
99%
Let It Be I Me Mine
99%
Help! I Need You
99%
Please Please Me I Saw Her Standing There
99%
A Hard Day's Night I Should Have Known Better
99%
With the Beatles I Wanna Be Your Man
99%
Past Masters I Want to Hold Your Hand
99%
Revolver I Want to Tell You
99%
Abbey Road I Want You (She's So Heavy)
99%
Please Please Me Love Me Do
99%
Yellow Submarine Only a Northern Song
99%
Please Please Me P.S. I Love You
99%
Past Masters She's a Woman
99%
Live at the BBC Sure to Fall (in Love with You)
99%
Anthology 2 That Means a Lot
99%
A Hard Day's Night When I Get Home
99%
Sgt. Pepper's Lonely Hearts Club Band With a Little Help from My Friends
99%
The Beatles ("White Album") (You're So Square) Baby I Don't Care
99%
Magical Mystery Tour All You Need Is Love
98%
Live at the BBC A Shot of Rhythm and Blues
98%
A Hard Day's Night Can't Buy Me Love
98%
The Beatles ("White Album") Can You Take Me Back?
98%
Let It Be Dig a Pony
98%
The Beatles ("White Album") Everybody's Got Something to Hide Except Me and My Monkey
98%
Past Masters From Me to You
98%
The Beatles ("White Album") Happiness Is a Warm Gun
98%
Past Masters I Feel Fine
98%
A Hard Day's Night If I Fell
98%
Rubber Soul If I Needed Someone
98%
Let It Be I've Got a Feeling
98%
Help! I've Just Seen a Face
98%
The Beatles ("White Album") I Will
98%
Revolver Love You To
98%
With the Beatles Money (That's What I Want)
98%
With the Beatles Not a Second Time
98%
Live at the BBC So How Come (No One Loves Me)
98%
Please Please Me There's a Place
98%
Live at the BBC To Know Her Is to Love Her
98%
The Beatles ("White Album") Why Don't We Do It in the Road?
98%
Revolver Got to Get You into My Life
97%
Anthology 1 How Do You Do It?
97%
A Hard Day's Night I'm Happy Just to Dance with You
97%
The Beatles Bootleg Recordings 1963 I'm in Love
97%
Abbey Road She Came In Through the Bathroom Window
97%
Past Masters She Loves You
97%
Help! Tell Me What You See
97%
Past Masters You Know My Name (Look Up the Number)
97%
Anthology 1 You Know What to Do
97%
Help! You Like Me Too Much
97%
Abbey Road You Never Give Me Your Money
97%
Help! You've Got to Hide Your Love Away
97%
Rubber Soul You Won't See Me
97%
The Beatles ("White Album") Back in the U.S.S.R.
96%
The Beatles Bootleg Recordings 1963 Bad to Me
96%
Beatles for Sale Everybody's Trying to Be My Baby
96%
Let It Be For You Blue
96%
Live at the BBC I'm Gonna Sit Right Down and Cry (Over You)
96%
Anthology 1 In Spite of All the Danger
96%
Live at the BBC Johnny B. Goode
96%
Sgt. Pepper's Lonely Hearts Club Band Lucy in the Sky with Diamonds
96%
Anthology 3 Mailman, Bring Me No More Blues
96%
Live at the BBC Soldier of Love (Lay Down Your Arms)
96%
Anthology 1 That'll Be the Day
96%
Past Masters The Ballad of John and Yoko
96%
Let It Be The Long and Winding Road
96%
A Hard Day's Night You Can't Do That
96%
Sgt. Pepper's Lonely Hearts Club Band Being for the Benefit of Mr. Kite!
95%
Anthology 3 Come and Get It
95%
Past Masters Don't Let Me Down
95%
Live at the BBC I'll Be on My Way
95%
Please Please Me Please Please Me
95%
Please Please Me Ask Me Why
94%
Abbey Road Here Comes the Sun
94%
Beatles for Sale I'll Follow the Sun
94%
Past Masters I'll Get You
94%
Help! It's Only Love
94%
With the Beatles It Won't Be Long
94%
Let It Be Let It Be
94%
A Hard Day's Night Tell Me Why
94%
Past Masters Thank You Girl
94%
Magical Mystery Tour The Fool on the Hill
94%
With the Beatles Till There Was You
94%
Beatles for Sale Words of Love
94%
With the Beatles All I've Got to Do
93%
Please Please Me Anna (Go to Him)
93%
Please Please Me Baby It's You
93%
With the Beatles Don't Bother Me
93%
The Beatles ("White Album") Don't Pass Me By
93%
Rubber Soul I'm Looking Through You
93%
On Air – Live at the BBC Volume 2 I'm Talking About You
93%
Anthology 1 Lend Me Your Comb
93%
Anthology 3 Rip It Up/Shake, Rattle and Roll/Blue Suede Shoes
93%
Anthology 3 Step Inside Love/Los Paranoias
93%
Help! The Night Before
93%
Sgt. Pepper's Lonely Hearts Club Band Within You Without You
93%
Let It Be Across the Universe
92%
With the Beatles Hold Me Tight
92%
Anthology 2 Real Love
92%
The Beatles ("White Album") The Continuing Story of Bungalow Bill
92%
Abbey Road The End
92%
Past Masters The Inner Light
92%
Rubber Soul The Word
92%
With the Beatles Devil in Her Heart
91%
Live at the BBC The Hippy Hippy Shake
91%
Live at the BBC The Honeymoon Song
91%
Anthology 1 The Sheik of Araby
91%
Anthology 3 What's the New Mary Jane
91%
Help! You're Going to Lose That Girl
91%
Past Masters We Can Work It Out
90%
Past Masters Yes It Is
90%
Revolver And Your Bird Can Sing
89%
Non-album single Christmas Time (Is Here Again)
89%
Rubber Soul In My Life
89%
A Hard Day's Night I'll Be Back
88%
The Beatles ("White Album") I'm So Tired
87%
Live at the BBC Keep Your Hands off My Baby
87%
Revolver Here, There and Everywhere
86%
Live at the BBC Lonesome Tears in My Eyes
86%
Rubber Soul Run for Your Life
86%
Revolver For No One
85%
Anthology 1 You'll Be Mine
85%
With the Beatles All My Loving
84%
Rubber Soul Drive My Car
84%
Help! Help!
83%
Beatles for Sale Rock and Roll Music
83%
Beatles for Sale Baby's in Black
82%
Let It Be Dig It
82%
Abbey Road Her Majesty
82%
Anthology 1 Like Dreamers Do
82%
The Beatles ("White Album") Martha My Dear
82%
Revolver She Said She Said
82%
Help! Ticket to Ride
82%
Anthology 1 | Anthology 3 Ain't She Sweet
81%
Rubber Soul What Goes On
79%
The Beatles ("White Album") While My Guitar Gently Weeps
79%
Please Please Me Twist and Shout
78%
Revolver Good Day Sunshine
77%
Yellow Submarine It's All Too Much
77%
Anthology 1 Hello Little Girl
76%
Anthology 1 Leave My Kitten Alone
74%
Live at the BBC Ooh! My Soul
74%
Magical Mystery Tour Your Mother Should Know
74%
Anthology 1 My Bonnie
73%
Sgt. Pepper's Lonely Hearts Club Band When I'm Sixty-Four
73%
Yellow Submarine Yellow Submarine
73%
Yellow Submarine All Together Now
72%
A Hard Day's Night Any Time at All
72%
Beatles for Sale No Reply
72%
With the Beatles Please Mr. Postman
72%
Let It Be Get Back
71%
Let It Be Two of Us
71%
Rubber Soul Norwegian Wood (This Bird Has Flown)
69%
A Hard Day's Night Things We Said Today
69%
Abbey Road Come Together
68%
Live at the BBC Glad All Over
68%
The Beatles ("White Album") Good Night
68%
Past Masters Hey Jude
68%
Beatles for Sale Kansas City/Hey-Hey-Hey-Hey!
68%
Rubber Soul Think for Yourself
68%
Anthology 3 All Things Must Pass
67%
Yellow Submarine Hey Bulldog
67%
Past Masters This Boy
66%
Past Masters Day Tripper
65%
Live at the BBC That’s All Right (Mama)
65%
Help! Another Girl
63%
Rubber Soul Girl
63%
Past Masters I'm Down
63%
Revolver I'm Only Sleeping
62%
Past Masters Bad Boy
61%
Anthology 2 If You've Got Trouble
61%
Live at the BBC Don't Ever Change
60%
Beatles for Sale Honey Don't
59%
Live at the BBC Some Other Guy
59%
The Beatles ("White Album") Cry Baby Cry
57%
The Beatles ("White Album") St. Louis Blues
57%
Magical Mystery Tour Blue Jay Way
56%
Sgt. Pepper's Lonely Hearts Club Band Sgt. Pepper's Lonely Hearts Club Band
56%
Anthology 3 Teddy Boy
56%
Abbey Road Carry That Weight
55%
Sgt. Pepper's Lonely Hearts Club Band Good Morning Good Morning
55%
The Beatles ("White Album") Child of Nature
54%
Abbey Road Sun King
54%
Beatles for Sale What You're Doing
53%
Help! Yesterday
53%
The Beatles ("White Album") Blue Moon
52%
Revolver Eleanor Rigby
52%
Beatles for Sale Every Little Thing
52%
The Beatles ("White Album") Revolution 1
52%
Abbey Road Mean Mr. Mustard
51%
Magical Mystery Tour Penny Lane
51%
The Beatles ("White Album") Revolution 9
51%
Magical Mystery Tour Strawberry Fields Forever
51%
Rubber Soul Nowhere Man
49%
A Hard Day's Night I'll Cry Instead
48%
Past Masters Revolution
48%
Sgt. Pepper's Lonely Hearts Club Band Lovely Rita
47%
Let It Be One After 909
47%
Sgt. Pepper's Lonely Hearts Club Band She's Leaving Home
47%
The Beatles ("White Album") Long, Long, Long
46%
Past Masters Long Tall Sally
46%
Magical Mystery Tour Magical Mystery Tour
46%
Revolver Tomorrow Never Knows
46%
Magical Mystery Tour Hello, Goodbye
45%
Rubber Soul Michelle
45%
Abbey Road Octopus's Garden
45%
Abbey Road Something
45%
Abbey Road Oh! Darling
44%
The Beatles ("White Album") Dear Prudence
43%
The Beatles ("White Album") Ob-La-Di, Ob-La-Da
42%
The Beatles ("White Album") Wild Honey Pie
42%
The Beatles ("White Album") Honey Pie
41%
Abbey Road Maxwell's Silver Hammer
41%
Revolver Taxman
40%
The Beatles ("White Album") Julia
38%
Abbey Road Polythene Pam
38%
Live at the BBC Too Much Monkey Business
38%
Abbey Road Because
37%
The Beatles ("White Album") Blackbird
37%
Abbey Road Golden Slumbers
37%
With the Beatles Roll Over Beethoven
36%
Please Please Me Boys
35%
The Beatles ("White Album") Mother Nature's Son
35%
Beatles for Sale Mr. Moonlight
35%
Past Masters Slow Down
35%
Please Please Me Chains
34%
The Beatles ("White Album") Helter Skelter
34%
Past Masters Lady Madonna
32%
Past Masters Paperback Writer
31%
Sgt. Pepper's Lonely Hearts Club Band Getting Better
30%
With the Beatles Little Child
30%
The Beatles ("White Album") Rocky Raccoon
30%
The Beatles ("White Album") Sexy Sadie
30%
Live at the BBC Sweet Little Sixteen
30%
Magical Mystery Tour Flying
29%
The Beatles ("White Album") Glass Onion
29%
Please Please Me Misery
29%
Past Masters Old Brown Shoe
29%
Past Masters Rain
29%
The Beatles ("White Album") Yer Blues
28%
Help! Dizzy, Miss Lizzy
27%
Revolver Doctor Robert
27%
Anthology 3 Not Guilty
27%
The Beatles ("White Album") Piggies
26%
Rubber Soul Wait
26%
Help! Act Naturally
25%
The Beatles ("White Album") Birthday
24%
Past Masters Komm, gib mir deine Hand
24%
Let It Be Maggie Mae
24%
The Beatles ("White Album") Savoy Truffle
20%
Past Masters Matchbox
18%
Let It Be (film) Lawdy Miss Clawdy
15%
Let It Be (film) Jazz Piano Song
13%
Anthology 1 Three Cool Cats
13%
Abbey Road Goodbye
11%
Anthology 1 Moonlight Bay
9%
Anthology 1 Shout
8%
Past Masters Sie liebt dich
6%
The Beatles ("White Album") Sour Milk Sea
6%
Magical Mystery Tour (film) Jessie's Dream
5%
Live at the BBC Nothin' Shakin'
5%
Anthology 1 Bésame Mucho
3%
Anthology 3 Junk
3%
Live at the BBC Young Blood
3%
Anthology 2 12-Bar Original
2%
On Air – Live at the BBC Volume 2 Beautiful Dreamer
2%
Anthology 1 Cayenne
2%
The Beatles ("White Album") Circles
2%
Live at the BBC Clarabella
2%
Live at the BBC Crying, Waiting, Hoping
2%
Live at the BBC Lucille
2%
Live at the BBC Carol
1%
Live at the BBC Memphis, Tennessee
1%
Let It Be (film) Suzy Parker
1%
Anthology 1 Searchin'
0%
No matching quizzes found
Score Distribution
Percent of People with Each Score
Percentile by Number Answered
Your Score History
You have not taken this quiz